01637cam a2200469 i 4500999001500000001000700015003000400022005001700026008004100043010001700084020002400101020002100125020002400146020002100170025002600191035002400217035002100241035001100262037005300273040003700326042002100363043001200384049000900396050002500405082002100430100002600451245014400477264005000621300003000671336002600701337002800727338002700755490004200782500008900824504005100913610003200964650004100996650005501037830004301092942001201135945002001147 c8216d8216881791OSt20190923121711.0151107s2016 ii b 001 0 eng d a 2016317108 a9789351481157q(HB) a9351481158q(HB) a9789351481164q(PB) a9351481166q(PB) aI-E-2016317108; 13-91 a(OCoLC)ocn944441319 a(OCoLC)944441319 a881791 bLibrary of Congress -- New Delhi Overseas Office aDKAGEbengerdacDKAGEdDLCdPTS alccopycatalcode aa-ii--- aPTSS00aBV4160.S47bJ36 201604a230.07223bJ27R1 aJames, Woba,eauthor.10aRevisiting ecumenical theological education in India :bwith a special reference to the Senate of Serampore College /cRev. Dr. Woba James. 1aNew Delhi :bChristian World Imprints,c2016. axxix, 290 pages ;c24 cm. atextbtxt2rdacontent aunmediatedbn2rdamedia avolumebnc2rdacarrier1 aChristian heritage rediscovered ;v34 aOriginally presented as the author's thesis (D.Th.)--Serampore College Senate, 2011. aIncludes bibliographical references and index.20aSerampore College.bSenate. 0aTheologyxStudy and teachingzIndia. 0aTheological seminarieszIndiazSeramporexHistory. 0aChristian heritage rediscovered ;v34. 2ddccBK aMARCIVE20181205